[Event "Asia-ch Amateur"]
[Site "Dubai"]
[Date "2023.08.28"]
[Round "1"]
[White "Cayaba, John Vincent"]
[Black "Bogati, Dhan Bahadur"]
[Result "1-0"]
[WhiteElo "1963"]
[BlackElo "1594"]
[PlyCount "77"]
[EventDate "2023.08.28"]
[EventType "swiss"]
[EventRounds "9"]
[EventCountry "UAE"]
[SourceTitle "EXT 2024"]
[Source "ChessBase"]
[SourceDate "2023.10.10"]
[SourceVersion "1"]
[SourceVersionDate "2023.10.10"]
[SourceQuality "1"]

1. c4 e5 2. Nc3 Nf6 3. g3 Be7 4. Bg2 c6 5. d4 exd4 6. Qxd4 d6 7. e4 Nbd7 8. Nf3 0-0 9. 0-0 Nc5 10. h3 Qc7 11. b3 h6 12. Bb2 Ne8 13. Rfe1 Bf6 14. Qd2 Be6 15. Rad1 Rd8 16. Nd4 Bc8 17. Kh2 Ne6 18. Nf5 Ng5 19. f4 Bxf5 20. exf5 Nh7 21. a3 Qc8 22. Qc2 Rd7 23. Qf2 a6 24. h4 Qd8 25. Rd3 Nc7 26. Red1 Re8 27. Ne4 Be7 28. Nc5 Qc8 29. f6 dxc5 30. Rxd7 Bxf6 31. Bh3 Ne6 32. Bxe6 fxe6 33. Be5 b6 34. Rc7 Qa8 35. Rdd7 Nf8 36. Rxg7+ Bxg7 37. Rxg7+ Kh8 38. Qc2 Qd8 39. Rg4+ 1-0

[Event "Asian Amateur-ch"]
[Site "Zhengzhou"]
[Date "2019.01.05"]
[Round "9"]
[White "Gu, Xianghan"]
[Black "Bogati, Dhan Bahadur"]
[Result "1-0"]
[WhiteElo "1506"]
[BlackElo "1599"]
[PlyCount "145"]
[EventDate "2018.12.31"]
[EventType "swiss"]
[EventRounds "9"]
[EventCountry "CHN"]
[SourceTitle "CBM 188 Extra"]
[Source "ChessBase"]
[SourceDate "2019.02.26"]
[SourceVersion "1"]
[SourceVersionDate "2019.02.26"]
[SourceQuality "1"]

1. d4 f5 2. c4 Nf6 3. Nc3 e6 4. Nf3 Be7 5. Bf4 d6 6. e3 0-0 7. Be2 c6 8. 0-0 Re8 9. Re1 Nbd7 10. Qc2 Nf8 11. Rad1 d5 12. Ne5 Ng6 13. Bg3 Rf8 14. Bd3 Ne4 15. Ne2 Bd6 16. f4 Nxg3 17. hxg3 dxc4 18. Bxc4 Ne7 19. Kf2 Nd5 20. Bxd5 exd5 21. Ng1 Qe8 22. Ngf3 h6 23. Rh1 Rf6 24. Rh2 a5 25. Ne1 a4 26. N1d3 a3 27. b3 Qe7 28. Rhh1 Ra5 29. Rc1 Be6 30. Rhd1 Bf7 31. Qc3 Ra8 32. Rb1 Qc7 33. b4 Re6 34. Rb3 Qb6 35. Rxa3 Ree8 36. Rb1 Qb5 37. Rbb3 Qb6 38. Rxa8 Rxa8 39. Ra3 Qd8 40. Qb3 Qc8 41. Ra4 Be6 42. Qa3 Rxa4 43. Qxa4 g5 44. Qa7 Qc7 45. a4 Kf8 46. a5 Bc8 47. Nc5 Ke7 48. a6 bxa6 49. Nxc6+ Kf6 50. Qa8 Bxc5 51. dxc5 Qb7 52. Qxb7 Bxb7 53. Nd4 Bc8 54. Ke2 Ke7 55. Kd3 Kd8 56. Nf3 g4 57. Ne5 Ke7 58. Kd4 Ke6 59. Nc6 Bd7 60. Nd8+ Ke7 61. c6 Bc8 62. Nb7 Ke6 63. Kc5 h5 64. Kd4 Ke7 65. Kxd5 Be6+ 66. Ke5 Bc8 67. Nd6 Be6 68. Nxf5+ Kf7 69. c7 Bd7 70. Nd6+ Ke7 71. c8Q Bxc8 72. Nxc8+ Kd7 73. Nd6 1-0